000 00852nam a2200193Ii 4500
003 JO-AjNU
008 230605s9999||||xx |||||||||||||| ||und||
040 _aJO-AjNU
_bara
_erda
_cJO-AjNU
041 _aara
050 1 4 _aDS119.7.S2812 1986
100 3 _aبقلم سارندرز، هارولد ه.؛ ترجمة عبد الفتاح، حسين,
_eauthor
_97099
245 0 0 _aالجدران الاخرى : سياسة عملية السلام العربي- الاسرائيلي
264 3 1 _aواشنطن: معهد المشاريع الاميركي لدراسة العمليات السياسية والاجتماعية، 1986
300 _a257ص
336 _atext
_btxt
_2rdacontent
337 _aunmediated
_bn
_2rdamedia
338 _avolume
_bnc
_2rdacarrier
650 4 _aالقضية الفلسطينية- اسرائيل- سياسة وحكومة
_97100
999 _aA107
_c3675
_d3675